000 00387nam a22001217a 4500
999 _c2449
_d2449
005 20200915111300.0
008 200915b ||||| |||| 00| 0 eng d
020 _a0853641773
040 _cCML
245 _aThe International Dictionary of New Testament Theology.
_cBrown, C.
260 _aLondon
_bThe Paternoster Press
_c1975
942 _2ddc
_cBK
_e1st Edition
_h255.3
_mBRO